000 00546nam a2200217Ia 4500
001 7437
003 GE_BSU
008 181216s||||||||xx |||||||||||||| ||und||
040 _cGE_BSU
080 _a744(075.32)
100 _aДружинин,Н.С. Чувиков,Н.Т.
245 _aЧерчение.
245 _bУчебник.
245 _cРед. Л.Н.Чупеева.
260 _aМ.
260 _bВысш. школа.
260 _c1982.
300 _a244стр.с илл.26см.
653 _aЧерчение.
942 _cBK
999 _c40797
_d40797